[Event "Nancy Rapid 19th"]
[Site "Nancy"]
[Date "2021.10.24"]
[Round "5"]
[White "Baskin, Robert"]
[Black "Vignale, Stephane"]
[Result "1-0"]
[WhiteElo "2398"]
[BlackElo "2063"]
[PlyCount "135"]
[EventDate "2021.10.24"]
[EventType "swiss (rapid)"]
[EventRounds "9"]
[EventCountry "FRA"]
[SourceTitle "CBM 204 Extra"]
[Source "ChessBase"]
[SourceDate "2021.11.30"]
[SourceVersion "1"]
[SourceVersionDate "2021.11.30"]
[SourceQuality "1"]

1. e4 d6 2. d4 Nf6 3. Nc3 e5 4. Nf3 Nbd7 5. Bc4 Be7 6. a4 c6 7. 0-0 a5 8. h3 0-0 9. Re1 Nb6 10. Ba2 Nfd7 11. Be3 Re8 12. dxe5 dxe5 13. Qe2 Qc7 14. Rad1 Nc5 15. Bxc5 Bxc5 16. Ng5 Be6 17. Qh5 h6 18. Bxe6 fxe6 19. Nf3 Rf8 20. Re2 Nd7 21. Rd3 Rf7 22. Red2 Raf8 23. Nd1 Nf6 24. Qxe5 Qxe5 25. Nxe5 Nxe4 26. Nxf7 Nxd2 27. Nxh6+ gxh6 28. Rxd2 Rf7 29. Kf1 Kf8 30. Ke2 Ke7 31. f3 Rf4 32. b3 b5 33. Nb2 Bb4 34. Rd1 Bc3 35. Nd3 Rd4 36. Nf2 Rb4 37. Ne4 Be5 38. Nc5 Bd6 39. Nd3 Rd4 40. Ra1 b4 41. Rd1 c5 42. Nb2 Rf4 43. Nc4 Bc7 44. Rd3 Rf8 45. Re3 Rg8 46. Kf2 Bg3+ 47. Kf1 Bc7 48. Re4 Rd8 49. Ke2 Rd5 50. Rg4 Kf7 51. Re4 Rg5 52. g4 Rd5 53. h4 Kf6 54. h5 e5 55. Re3 Rd7 56. Rd3 Re7 57. Rd5 e4 58. Rxc5 exf3+ 59. Kxf3 Bd8 60. Nxa5 Re1 61. Nc4 Rf1+ 62. Kg2 Rf4 63. Rf5+ Rxf5 64. gxf5 Kxf5 65. a5 Be7 66. a6 Bc5 67. Nd6+ Kg5 68. Nc8 1-0

[Event "Kaupthing op-B 1st"]
[Site "Differdange"]
[Date "2007.07.11"]
[Round "6"]
[White "Vignale, Stephane"]
[Black "Morozova, Iuliia"]
[Result "1/2-1/2"]
[WhiteElo "2086"]
[BlackElo "2073"]
[PlyCount "100"]
[EventDate "2007.07.08"]
[EventType "swiss"]
[EventRounds "9"]
[EventCountry "LUX"]
[SourceTitle "EXT 2008"]
[Source "ChessBase"]
[SourceDate "2007.11.25"]
[SourceVersion "1"]
[SourceVersionDate "2007.11.25"]
[SourceQuality "1"]

1. d4 d5 2. c4 e6 3. Nc3 c5 4. cxd5 exd5 5. Nf3 Nc6 6. e3 Nf6 7. Be2 cxd4 8. Nxd4 Bd6 9. Bf3 0-0 10. 0-0 Re8 11. Ndb5 Bb8 12. Nxd5 Be6 13. Nbc3 Ne5 14. Nxf6+ Qxf6 15. Ne4 Nxf3+ 16. Qxf3 Qxf3 17. gxf3 Bf5 18. Rd1 Bc7 19. Ng3 Bxg3 20. fxg3 Red8 21. Re1 Rac8 22. e4 Be6 23. Be3 Rc2 24. Red1 Rdc8 25. Bd4 h5 26. Bc3 b5 27. a3 a5 28. Rac1 Rxc1 29. Rxc1 b4 30. axb4 axb4 31. Bd2 Rxc1+ 32. Bxc1 Kf8 33. Kf2 Ke7 34. Ke3 g6 35. Kd4 b3 36. Kc5 Kf6 37. Bd2 g5 38. f4 gxf4 39. gxf4 Bg4 40. Kd6 Kg7 41. Ke7 Bf3 42. Bc3+ Kg8 43. e5 Bg4 44. Kf6 Kf8 45. Bb4+ Ke8 46. f5 Bh3 47. e6 fxe6 48. Kxe6 Bf1 49. Kf6 h4 50. Kg7 h3 1/2-1/2

[Event "Kaupthing op-B 1st"]
[Site "Differdange"]
[Date "2007.07.08"]
[Round "2"]
[White "Vignale, Stephane"]
[Black "Lockwood, William"]
[Result "1-0"]
[WhiteElo "2086"]
[BlackElo "1882"]
[PlyCount "159"]
[EventDate "2007.07.08"]
[EventType "swiss"]
[EventRounds "9"]
[EventCountry "LUX"]
[SourceTitle "EXT 2008"]
[Source "ChessBase"]
[SourceDate "2007.11.25"]
[SourceVersion "1"]
[SourceVersionDate "2007.11.25"]
[SourceQuality "1"]

1. d4 Nf6 2. c4 e6 3. Nf3 Bb4+ 4. Bd2 Qe7 5. e3 0-0 6. Bd3 Bxd2+ 7. Nbxd2 d6 8. 0-0 Nbd7 9. Qc2 b6 10. b4 Bb7 11. Rac1 c5 12. bxc5 dxc5 13. a4 Rfd8 14. Rfd1 h6 15. a5 bxa5 16. Ra1 cxd4 17. exd4 a4 18. Rxa4 Nb6 19. Ra5 Bxf3 20. Nxf3 Rac8 21. Qa2 Rc7 22. Ra1 Nc8 23. h3 Kh8 24. Rb1 Rb7 25. Rxb7 Qxb7 26. Rb5 Qc7 27. Qa6 Kg8 28. Rb7 Qf4 29. Qc6 a5 30. g3 Qc1+ 31. Kg2 Qa3 32. Ne5 Ne7 33. Qc7 Re8 34. c5 Nfd5 35. Qd7 Rf8 36. Bc4 Qc3 37. Bxd5 Nxd5 38. Nxf7 Qxd4 39. Qxe6 Qf6 40. Qxd5 Rxf7 41. Rxf7 Qxf7 42. Qa8+ Kh7 43. Qxa5 Qd5+ 44. Kf1 Qh1+ 45. Ke2 Qxh3 46. Qc3 Qe6+ 47. Qe3 Qa2+ 48. Kf3 Qf7+ 49. Kg2 Qd5+ 50. f3 Qa2+ 51. Kh3 Qa6 52. Qe4+ g6 53. Qe7+ Kh8 54. Qe5+ Kh7 55. Qc7+ Kh8 56. Qd8+ Kh7 57. Qd7+ Kh8 58. Qd2 Kh7 59. Kg2 h5 60. Qc2 Qc6 61. Qc4 Kg7 62. Qd4+ Kh7 63. Qd6 Qb5 64. Qe7+ Kh6 65. Qf8+ Kh7 66. Qe7+ Kh6 67. Qe5 Kh7 68. f4 Qc4 69. Qe7+ Kh6 70. Qe5 Kh7 71. Kh3 Qf1+ 72. Kh4 Qf3 73. Kg5 Qb7 74. Qd6 Qf7 75. Qe5 Qb7 76. f5 gxf5 77. Qxf5+ Kh8 78. Kxh5 Qh1+ 79. Kg5 Qc6 80. Qf6+ 1-0

[Event "Metz op 24th"]
[Site "Metz"]
[Date "2006.04.24"]
[Round "3"]
[White "Alexander, Christian"]
[Black "Vignale, Stephane"]
[Result "0-1"]
[WhiteElo "1953"]
[BlackElo "2086"]
[PlyCount "78"]
[EventDate "2006.04.22"]
[EventType "swiss"]
[EventRounds "9"]
[EventCountry "FRA"]
[SourceTitle "EXT 2007"]
[Source "ChessBase"]
[SourceDate "2006.11.23"]
[SourceVersion "1"]
[SourceVersionDate "2006.11.23"]
[SourceQuality "1"]

1. d4 Nf6 2. c4 c5 3. e3 g6 4. Nc3 Bg7 5. Nf3 0-0 6. Be2 d6 7. 0-0 Na6 8. Qb3 Rb8 9. Nb5 Ra8 10. Rd1 Bd7 11. Bd2 Ne4 12. Be1 Nc7 13. a4 a6 14. Nc3 Nxc3 15. Bxc3 cxd4 16. Bxd4 Bxd4 17. exd4 Rb8 18. a5 Ne6 19. Qe3 Ng7 20. c5 dxc5 21. dxc5 Nf5 22. Qc3 Qc7 23. b4 Rfd8 24. Bc4 Bc6 25. Ne5 e6 26. Ng4 h5 27. Nf6+ Kf8 28. Nh7+ Kg8 29. Nf6+ Kf8 30. Rxd8+ Rxd8 31. Re1 Rd4 32. Bd3 Qd8 33. Bxf5 Qxf6 34. Bh3 Rd1 35. Qe3 Qa1 36. Qh6+ Kg8 37. f3 Rxe1+ 38. Kf2 Rf1+ 39. Kg3 Qe1+ 0-1

[Event "Metz op 24th"]
[Site "Metz"]
[Date "2006.04.22"]
[Round "1"]
[White "Hautcoeur, Damien"]
[Black "Vignale, Stephane"]
[Result "0-1"]
[WhiteElo "1701"]
[BlackElo "2086"]
[PlyCount "122"]
[EventDate "2006.04.22"]
[EventType "swiss"]
[EventRounds "9"]
[EventCountry "FRA"]
[SourceTitle "EXT 2007"]
[Source "ChessBase"]
[SourceDate "2006.11.23"]
[SourceVersion "1"]
[SourceVersionDate "2006.11.23"]
[SourceQuality "1"]

1. d4 Nf6 2. Nf3 g6 3. e3 Bg7 4. b3 0-0 5. Bb2 d6 6. Nbd2 Bf5 7. Bd3 Bxd3 8. cxd3 c6 9. 0-0 Nbd7 10. Ne4 Nd5 11. Qd2 Qb6 12. Nc3 Nxc3 13. Bxc3 Rac8 14. Rac1 Qa6 15. Rfd1 e6 16. Qb2 c5 17. Rc2 cxd4 18. Nxd4 Nc5 19. Rcd2 Rc7 20. Nb5 Qxb5 21. Bxg7 Rfc8 22. h3 Nd7 23. Bh6 Qe5 24. Qxe5 Nxe5 25. Bf4 f6 26. Bxe5 dxe5 27. d4 e4 28. d5 e5 29. f3 exf3 30. gxf3 Kf7 31. e4 Rc3 32. Kf2 Ke7 33. Ke2 Kd6 34. Rd3 R3c7 35. h4 f5 36. Ke3 fxe4 37. fxe4 Rf8 38. R1d2 Rcf7 39. Rh2 Rf3+ 40. Ke2 R3f4 41. Re3 Rc8 42. Kd3 Rf1 43. Ree2 Rf3+ 44. Kd2 Rcc3 45. Ref2 Rfd3+ 46. Ke2 Re3+ 47. Kd2 Red3+ 48. Ke1 Rc1+ 49. Ke2 Rd4 50. Rf6+ Kd7 51. Rhf2 Rxe4+ 52. Kd2 Ra1 53. Kc3 Rxh4 54. Re6 Rf4 55. Rh2 Rf7 56. Rxe5 Kd6 57. Rg5 Rd1 58. Kc4 Rc7+ 59. Kb4 Rxd5 60. Rg4 Ke6 61. Rgh4 h5 0-1

[Event "Metz op 23rd"]
[Site "Metz"]
[Date "2005.04.24"]
[Round "9"]
[White "Vignale, Stephane"]
[Black "Murey, Jacob"]
[Result "0-1"]
[WhiteElo "1973"]
[BlackElo "2447"]
[PlyCount "92"]
[EventDate "2005.04.16"]
[EventType "swiss"]
[EventRounds "9"]
[EventCountry "FRA"]
[SourceTitle "CBM 105 Extra"]
[Source "ChessBase"]
[SourceDate "2005.05.01"]
[SourceVersion "1"]
[SourceVersionDate "2005.05.01"]
[SourceQuality "1"]

1. d4 f5 2. c4 Nf6 3. Nc3 e6 4. Bf4 Bb4 5. e3 0-0 6. Qc2 b6 7. Nf3 Bb7 8. Be2 Ne4 9. 0-0 Bxc3 10. bxc3 g5 11. Bg3 d6 12. Nd2 Nd7 13. Bd3 Ndf6 14. f3 Nxg3 15. hxg3 Qe7 16. e4 f4 17. g4 e5 18. Kf2 h5 19. gxh5 Nxh5 20. Rh1 Ng3 21. Rh2 Qf6 22. d5 Bc8 23. Rg1 Bd7 24. Qc1 g4 25. Nf1 Qg7 26. Ke1 Rf6 27. Qd1 Raf8 28. Be2 Rh6 29. Rxh6 Qxh6 30. Nxg3 fxg3 31. Qd2 Rf4 32. Qe3 Kg7 33. Kd2 Qh2 34. Kd3 Kg6 35. Bd1 gxf3 36. Bxf3 Bg4 37. Rf1 Qh4 38. Qe2 Qf6 39. Ke3 Kg5 40. Rh1 Rxf3+ 41. gxf3 Qf4+ 42. Kd3 Bxf3 43. Qe1 Bxh1 44. Qxh1 Kg4 45. Qh7 g2 46. Qg6+ Qg5 0-1

[Event "Metz op 23rd"]
[Site "Metz"]
[Date "2005.04.20"]
[Round "5"]
[White "Vignale, Stephane"]
[Black "Laurent, Bruno"]
[Result "0-1"]
[WhiteElo "1973"]
[BlackElo "2358"]
[PlyCount "96"]
[EventDate "2005.04.16"]
[EventType "swiss"]
[EventRounds "9"]
[EventCountry "FRA"]
[SourceTitle "CBM 105 Extra"]
[Source "ChessBase"]
[SourceDate "2005.05.01"]
[SourceVersion "1"]
[SourceVersionDate "2005.05.01"]
[SourceQuality "1"]

1. d4 Nf6 2. c4 c5 3. e3 e6 4. Nf3 d5 5. Nc3 Nc6 6. dxc5 Bxc5 7. cxd5 exd5 8. Be2 0-0 9. 0-0 Bg4 10. h3 Bh5 11. Qb3 Qd7 12. Rd1 Rad8 13. Qb5 Qe7 14. Nd4 Bxd4 15. exd4 a6 16. Qd3 Bxe2 17. Qxe2 Qb4 18. Be3 Rfe8 19. Qc2 Ne4 20. a3 Qd6 21. Rac1 Rc8 22. b4 h6 23. Qb3 Ne7 24. Ne2 b5 25. Nf4 Rc4 26. Nd3 Nf5 27. Ne5 Rcc8 28. Bf4 g5 29. Bh2 Qe6 30. Qd3 h5 31. f3 Ned6 32. g4 hxg4 33. fxg4 Nh4 34. Rxc8 Rxc8 35. Bg3 Ne4 36. Bxh4 Rc3 37. Qf1 gxh4 38. Rd3 Ng3 39. Qe1 Rc1 40. Rd1 Rxd1 41. Qxd1 f6 42. Nf3 Qe3+ 43. Kg2 Ne2 44. Qf1 Kg7 45. Qf2 Nf4+ 46. Kf1 Qd3+ 47. Ke1 Qb1+ 48. Kd2 Qb2+ 0-1

[Event "Metz op 14th"]
[Site "Metz"]
[Date "1996.??.??"]
[Round "?"]
[White "Chaplin, Erik"]
[Black "Vignale, Stephane"]
[Result "1/2-1/2"]
[WhiteElo "2245"]
[BlackElo "1880"]
[PlyCount "65"]
[EventDate "1996.04.??"]
[EventType "swiss"]
[EventRounds "9"]
[EventCountry "FRA"]
[SourceTitle "EXT 1998"]
[Source "ChessBase"]
[SourceDate "1997.11.17"]
[SourceVersion "1"]
[SourceVersionDate "1997.11.17"]
[SourceQuality "1"]

1. e4 d5 2. exd5 Qxd5 3. Nc3 Qa5 4. d4 c6 5. Bc4 Nf6 6. Nge2 Bf5 7. Bd2 Nbd7 8. 0-0 e6 9. Bb3 Qc7 10. Ng3 Bg6 11. Qf3 Bd6 12. h3 0-0 13. Nce4 Nxe4 14. Nxe4 e5 15. Rad1 Bxe4 16. Qxe4 exd4 17. Qxd4 Be5 18. Qd3 Bxb2 19. Ba5 Nb6 20. c3 Ba3 21. Bc2 g6 22. c4 Bc5 23. Qd2 Rfd8 24. Qg5 Qe7 25. Qg4 Rxd1 26. Rxd1 Rd8 27. Rxd8+ Qxd8 28. Bc3 Bf8 29. Qe4 Bg7 30. Ba5 Qd7 31. Bxb6 axb6 32. Qe3 Bd4 33. Qd2 1/2-1/2